000 01308nam a22003737a 4500
003 CHAP
005 20220329133604.0
008 971013s1992 r 00010 d
010 _a8244
011 _a9216
035 _a8450
040 _cCHAP
082 _a574.5
_bC48
110 _aCentro de Investigaciones y Estudios Superiores en Antropología Social. Xalapa, Ver.
_921133
245 _aDesarrollo y medio ambiente en Veracruz
260 _aMéxico, D.F. :
_bFundación Friedrich Ebert,
_c1992
300 _a303 p.
_b: ilus. ; gráfs.
590 _aBATCH-UPD
_b10
_c20130110
_lUCH01
_h0132
590 _aBATCH-UPD
_b10
_c20130110
_lUCH01
_h1623
590 _aBATCH-UPD
_b10
_c20130409
_lUCH01
_h2129
590 _aBATCH-UPD
_b10
_c20130410
_lUCH01
_h1017
590 _aBATCH-UPD
_b10
_c20130914
_lUCH01
_h0648
590 _aCONVERSION
_b10
_c20130109
_lUCH01
_h1306
650 1 4 _aGanadería
_zVeracruz.
_944870
650 1 4 _aMedio ambiente.
_974065
650 1 4 _aMedio ambiente
_xContaminación.
_974069
650 1 4 _aRecursos forestales
_xVeracruz.
_995071
650 1 4 _aRecursos naturales
_xVeracruz.
_995323
700 0 _aBoege, Eckart
_ecoord
_913362
700 0 _aRodríguez, Hipólito
_ecoord
_998994
901 _aBK
942 _cLIBRO
949 _a574.5 C48
_bBC
_cCONG
_d-18651
_eCONG
_h83470
_i8450
_mD
_si
999 _c8244
_d8244